The little book on external debt 2006
Shranjeno v:
| Korporativna značnica: | |
|---|---|
| Format: | Knjiga |
| Jezik: | Undetermined |
| Izdano: |
Washington
The World Bank
2006
|
| Teme: | |
| Oznake: |
Označite
Brez oznak, prvi označite!
|
| Thư viện lưu trữ: | Trung tâm Học liệu Trường Đại học Cần Thơ |
|---|
| LEADER | 00536nam a2200193Ia 4500 | ||
|---|---|---|---|
| 001 | CTU_103539 | ||
| 008 | 210402s9999 xx 000 0 und d | ||
| 082 | |a 336.3435 | ||
| 082 | |b W927/2006 | ||
| 110 | |a The World Bank | ||
| 245 | 4 | |a The little book on external debt 2006 | |
| 245 | 4 | |c The World Bank | |
| 260 | |a Washington | ||
| 260 | |b The World Bank | ||
| 260 | |c 2006 | ||
| 650 | |a Finance,International finance | ||
| 650 | |x Developing countries | ||
| 904 | |i Năm | ||
| 980 | |a Trung tâm Học liệu Trường Đại học Cần Thơ | ||